Normal view
MARC view
Entry Topical Term
001 - CONTROL NUMBER
- control field: 627242
003 - CONTROL NUMBER IDENTIFIER
- control field: OSt
005 - DATE AND TIME OF LATEST TRANSACTION
- control field: 20221005115208.0
008 - FIXED-LENGTH DATA ELEMENTS
- fixed length control field: 221005|| aca||aabn | a|a d
040 ## - CATALOGING SOURCE
- Original cataloging agency: OSt
- Transcribing agency: OSt
150 ## - HEADING--TOPICAL TERM
- Topical term or geographic name entry element: LAW - BURMA
670 ## - SOURCE DATA FOUND
- Source citation: Work cat.: (OSt)1033739: Burma Act No. 1 of 1924 to amend the city of Rangoon Municipal Act, 1922. Burma Act No. II of 1924 to amend the Burma rural self-government Act, 1921. Burma Act No. III of 1924 to amend the University of Rangoon Act, 1920. Burma Act No. IV of 1924 to a, 1924
